000 00305 a2200109 4500
001 ART_18797
005 20260410161920.0
008 260409a
245 1 0 _aActualidad laboral
100 1 _aRubio, Valentín
773 0 _tLa información
_g- Tomo XXXVII, Nº 581 (mayo 1978)
_wREV14902
999 _c27620
_d27620